| 000 | 01033cab a2200313 4500 | ||
|---|---|---|---|
| 001 | ABS58763 | ||
| 008 | 090401t1998 xxu||||| |||| 00| 0 eng d | ||
| 035 | _a(Sirsi) u86342 | ||
| 041 | _aeng | ||
| 100 | _aAppleby, M. | ||
| 245 | _aPlanning agriculture: friend or foe? | ||
| 260 | _c1998 | ||
| 350 | _a0 | ||
| 490 |
_aRural Property Bulletin _vMarch/April 1998, 24-26(3) |
||
| 520 | _aReviews the impact future changes in the planning systems may have on rural land use. Considers issues such environmental objectives, the influence of stakeholders, agricultural dwellings and occupnacy conditons. | ||
| 650 | _aAGRICULTURAL DWELLINGS | ||
| 650 | _aAGRICULTURAL OCCUPANCY CONDITIONS | ||
| 650 | _aCHANGE | ||
| 650 | _aENVIRONMENTAL ASSESSMENT | ||
| 650 | _aPLANNING SYSTEM | ||
| 650 | _aPPG7 | ||
| 650 | _aREGIONAL PLANNING GUIDANCE | ||
| 650 | _aRURAL PLANNING | ||
| 650 | _aSTAKEHOLDERS | ||
| 650 | _aSUSTAINABLE DEVELOPMENT | ||
| 690 | _aPLANNING LAW AND PRACTICE | ||
| 942 | _n0 | ||
| 948 | _c21/05/1998 | ||
| 999 |
_c54334 _d54334 |
||